000 00507nam a2200157 a 4500
005 20220608065117.0
008 991125s1976 ea 000 0 eng u
035 _aUPN01000010088
049 _aCG
050 4 _aLB1139.5 M3
_bC6.4
245 0 0 _aComprehensive school mathematics program:
_bCSMP mathematics for kindergarten : teacher's guide.
260 _aSt. Louis, E.U.A. :
_bCEMREL,
_c1976.
300 _a514 p. :
_bil.
650 4 _aMatemáticas
_xEstudio y enseñanza (Preescolar)
_94038
905 _aLibro
999 _c10088
_d10088